[Event "ITA-chTB 43rd"]
[Site "Sant'Anastasia"]
[Date "2011.03.25"]
[Round "1"]
[White "Laudisa, Antonio"]
[Black "Fierro Baquero, Martha Lorena"]
[Result "0-1"]
[WhiteElo "1927"]
[BlackElo "2367"]
[PlyCount "47"]
[EventDate "2011.03.25"]
[EventType "swiss"]
[EventRounds "7"]
[EventCountry "ITA"]
[SourceTitle "EXT 2014"]
[Source "ChessBase"]
[SourceDate "2013.11.20"]
[SourceVersion "1"]
[SourceVersionDate "2013.11.20"]
[SourceQuality "1"]

1. e4 g6 2. d4 Bg7 3. Nf3 c6 4. Nc3 d6 5. Be3 Nd7 6. Qd2 Qa5 7. Be2 Ngf6 8. h3 b5 9. e5 b4 10. exf6 bxc3 11. Qxc3 Qxc3+ 12. bxc3 Nxf6 13. Bd3 0-0 14. 0-0 Rb8 15. Rab1 Be6 16. c4 Nd7 17. Nd2 Bf5 18. g4 Bxd3 19. cxd3 f5 20. f4 fxg4 21. hxg4 Nf6 22. d5 Nxg4 23. Bxa7 Ra8 24. Rb7 0-1

[Event "ITA-ch U20"]
[Site "Bratto"]
[Date "2008.08.25"]
[Round "4"]
[White "Cuppone, Damiano"]
[Black "Laudisa, Antonio"]
[Result "1-0"]
[WhiteElo "1921"]
[BlackElo "1646"]
[PlyCount "59"]
[EventDate "2008.08.22"]
[EventType "swiss"]
[EventRounds "9"]
[EventCountry "ITA"]
[SourceTitle "CBM 126 Extra"]
[Source "ChessBase"]
[SourceDate "2008.11.05"]
[SourceVersion "1"]
[SourceVersionDate "2008.11.05"]
[SourceQuality "1"]

1. d4 Nf6 2. c4 e5 3. dxe5 Ng4 4. Nf3 Bc5 5. e3 Nc6 6. Nc3 Ngxe5 7. Nxe5 Nxe5 8. Be2 0-0 9. 0-0 d6 10. Na4 Bb6 11. Nxb6 axb6 12. b3 Qf6 13. Qd4 Ng4 14. Qxf6 Nxf6 15. Bb2 Nd7 16. Rfd1 Ne5 17. a3 Be6 18. Rac1 f6 19. h3 Rfe8 20. b4 Kf7 21. f4 Ng6 22. Bf3 Rab8 23. Kf2 f5 24. c5 bxc5 25. bxc5 dxc5 26. Rxc5 c6 27. Rc3 Nh4 28. Bh5+ g6 29. Be2 Bd5 30. g3 1-0

[Event "ITA-ch U20"]
[Site "Bratto"]
[Date "2008.08.24"]
[Round "3"]
[White "Laudisa, Antonio"]
[Black "Regorda, Massimiliano"]
[Result "1/2-1/2"]
[WhiteElo "1646"]
[BlackElo "1907"]
[PlyCount "80"]
[EventDate "2008.08.22"]
[EventType "swiss"]
[EventRounds "9"]
[EventCountry "ITA"]
[SourceTitle "CBM 126 Extra"]
[Source "ChessBase"]
[SourceDate "2008.11.05"]
[SourceVersion "1"]
[SourceVersionDate "2008.11.05"]
[SourceQuality "1"]

1. e4 e5 2. Nf3 Nc6 3. Bc4 Be7 4. c3 d6 5. h3 Nf6 6. d3 0-0 7. 0-0 Na5 8. Bb3 a6 9. Ba4 b5 10. Bc2 c5 11. Nbd2 Bb7 12. Re1 Rc8 13. Nf1 Nc6 14. Ne3 g6 15. Bb3 Na5 16. Nd5 Nxd5 17. Bxd5 Bxd5 18. exd5 f5 19. Bh6 Rf7 20. Qc1 f4 21. Qd1 Rf5 22. Qe2 Bf6 23. g4 fxg3 24. fxg3 Rh5 25. Qe3 g5 26. h4 Rxh6 27. hxg5 Rg6 28. gxf6 Rxg3+ 29. Kh2 Rg6 30. Rg1 Qxf6 31. Raf1 Rf8 32. Ng5 Qxf1 33. Rxf1 Rxf1 34. Qh3 Rxg5 35. Qxf1 Rh5+ 36. Kg3 Kg7 37. Qf3 Rg5+ 38. Kh4 Rg6 39. Qf5 Rh6+ 40. Kg4 Rg6+ 1/2-1/2

[Event "ITA-ch U20"]
[Site "Bratto"]
[Date "2008.08.23"]
[Round "2"]
[White "Gallana, Marco"]
[Black "Laudisa, Antonio"]
[Result "1-0"]
[WhiteElo "1960"]
[BlackElo "1646"]
[PlyCount "45"]
[EventDate "2008.08.22"]
[EventType "swiss"]
[EventRounds "9"]
[EventCountry "ITA"]
[SourceTitle "CBM 126 Extra"]
[Source "ChessBase"]
[SourceDate "2008.11.05"]
[SourceVersion "1"]
[SourceVersionDate "2008.11.05"]
[SourceQuality "1"]

1. d4 Nf6 2. c4 e5 3. dxe5 Ng4 4. Nf3 Bc5 5. e3 Nc6 6. Bd2 Ngxe5 7. Bc3 Qe7 8. Nxe5 Nxe5 9. Be2 d6 10. Qc2 Be6 11. b4 Bxe3 12. fxe3 Nxc4 13. Bxc4 Bxc4 14. Bd4 Bd5 15. 0-0 Be4 16. Qc3 Rc8 17. Nd2 c5 18. Nxe4 Qxe4 19. bxc5 dxc5 20. Rf4 Qc6 21. Bxg7 Rg8 22. Qe5+ Qe6 23. Raf1 1-0